00322nam a22001097a 4500082001700000100002900017245007800046260004200124300001100166563000800177650002700185 a341.522bCHA aChaudhri, Mohammad Ahsen aInternational Arbitration in Theory & Practice /cMohammad Ahsen Chaudhri aKarachi :bRoyal Book Company,c1993. a154 p. aHB. aLaw, International Law